Camilón, comilón (Record no. 183984)

MARC details
000 -LÍDER
campo de controle de tamanho fixo 00335 a2200157 4500
001 - NÚMERO DE CONTROLE
campo de controle 183984
020 ## - ISBN - INTERNATIONAL STANDARD BOOK NUMBER
ISBN - International Standard Book Number 84-348-2703-4
040 ## - FONTE DA CATALOGAÇÃO
Instituição que transcreveu o registro Magnum
100 ## - ENTRADA PRINCIPAL--NOME PESSOAL
Nome pessoal Machado, Ana Maria
240 10 - TÍTULO UNIFORME
Título uniforme Camilón, comilón
Idioma da obra ESP
245 10 - TÍTULO
Título Camilón, comilón
300 ## - DESCRIÇÃO FÍSICA
Extensão 59
362 0# - DATAS DE PUBLICAÇÃO E/OU DESIGNAÇÃO SEQUENCIAL
Datas de publicação e/ou designação sequencial 1998
697 ## - ENTRADA DE ASSUNTO LOCAL--ENTIDADE COLETIVA (RLIN)
Nome corporativo ou nome da jurisdição LITERATURA ESPANHOLA
942 ## - ELEMENTOS DE ENTRADA ADICIONADOS (KOHA)
Tipo de material Koha Livros
Holdings
Situação do descarte Situação das perdas Situação física Não pode ser emprestado Biblioteca de origem Biblioteca atual Data de aquisição Total de empréstimos Número de chamada completo Código de barras Data de último acesso Data do preço efetivo Tipo de material Koha
        Magnum Magnum 08/06/2024   863.12 MAG00041093 08/06/2024 08/06/2024 Livros
        Magnum Magnum 08/06/2024   863.12 MAG00041094 08/06/2024 08/06/2024 Livros
        Magnum Magnum 08/06/2024   863.12 MAG00041095 08/06/2024 08/06/2024 Livros
        Magnum Magnum 08/06/2024   863.12 MAG00041096 08/06/2024 08/06/2024 Livros
        Magnum Magnum 08/06/2024   863.12 MAG00041097 08/06/2024 08/06/2024 Livros